00450nam a22001577a 4500008004100000020001800041040005500059080001900114245003000133260003900163300001500202500001700217650001300234653002100247700002400268230808b |||||||| |||| 00| 0 eng d a0-12-021812-7 aNational Science LibrarycNational Science Library a551.46/.48(05) aAdvances in hydroscience  aNew York: bAcademic Press, c1982 axi, 393p.  aVol. 13 1982 aScience  aWater resources  aChow, Ven Te (Ed.)